[Event "The peace"]
[Site "http://www.queenalice.com/game.php?id=733186"]
[Date "2010.2.17"]
[Round "-"]
[White "gaspar"]
[Black "narutoninja"]
[Result "1-0"]
[WhiteElo "1500"]
[BlackElo "1555"]

1. e4 e5 2. Nf3 Nc6 3. Bb5 Bc5 4. c3 Nf6 5. O-O Nxe4 6. Qe2 d5 7. d3 Nf6 8. d4
Be7 9. dxe5 Nd7 10. c4 d4 11. Bxc6 1-0

[Event "Challenge"]
[Site "http://www.queenalice.com/game.php?id=737689"]
[Date "2010.2.25"]
[Round "-"]
[White "eddval"]
[Black "gaspar"]
[Result "0-1"]
[WhiteElo "1855"]
[BlackElo "2032"]

1. e4 e6 2. d4 d5 3. Nd2 c5 4. exd5 exd5 5. Bb5+ Bd7 6. Qe2+ Qe7 7. Bxd7+ Nxd7
8. dxc5 Nxc5 9. Nb3 Qxe2+ 10. Nxe2 Nxb3 11. axb3 Bc5 12. c3 Nf6 13. O-O O-O 14.
Ng3 Rfe8 15. Bg5 Ne4 16. Nxe4 Rxe4 0-1

[Event "Challenge"]
[Site "http://www.queenalice.com/game.php?id=737793"]
[Date "2010.2.26"]
[Round "-"]
[White "gaspar"]
[Black "Fernando_cun"]
[Result "1-0"]
[WhiteElo "1958"]
[BlackElo "1684"]

1. e4 d5 2. exd5 Qxd5 3. Nc3 Qe5+ 4. Nge2 Bg4 5. d4 Bxe2 6. Bxe2 e6 7. dxe5 Bb4
8. a3 Bxc3+ 9. bxc3 Ne7 10. a4 O-O 11. Ba3 Nbc6 12. Qd7 Nxe5 13. Qxe7 Rfe8 14.
Qg5 f6 15. Qe3 a5 16. O-O-O Red8 17. Rxd8+ Rxd8 18. Rd1 Rc8 19. f4 Nc6 20. Qxe6+
Kh8 21. Qxc8+ 1-0

[Event "AUTO-ADV-1674"]
[Site "http://www.queenalice.com/game.php?id=739978"]
[Date "2010.3.2"]
[Round "1"]
[White "gaspar"]
[Black "pedepano"]
[Result "1-0"]
[WhiteElo "1727"]
[BlackElo "1788"]

1. e4 e5 2. Nf3 Nc6 3. d4 exd4 4. Nxd4 Bc5 5. Nxc6 Qf6 6. Qd2 Qxc6 7. Bd3 d6 8.
Nc3 a6 9. Nd5 Be6 10. Qg5 Bd4 11. c3 Be5 12. f4 Bxc3+ 13. Nxc3 1-0

[Event "AUTO-ADV-1674"]
[Site "http://www.queenalice.com/game.php?id=739979"]
[Date "2010.3.2"]
[Round "1"]
[White "pedepano"]
[Black "gaspar"]
[Result "0-1"]
[WhiteElo "1788"]
[BlackElo "1881"]

1. d4 Nf6 2. c4 g6 3. Nc3 d5 4. Nf3 Bg7 5. e3 c6 6. Bd3 O-O 7. O-O Bg4 8. h3
Bxf3 9. Qxf3 e6 10. Rd1 Nbd7 11. b3 Re8 12. Bd2 e5 13. cxd5 cxd5 14. Nxd5 e4 0-1

[Event "AUTO-ADV-1674"]
[Site "http://www.queenalice.com/game.php?id=739982"]
[Date "2010.3.2"]
[Round "1"]
[White "gaspar"]
[Black "negaadelaide"]
[Result "1-0"]
[WhiteElo "2074"]
[BlackElo "1818"]

1. e4 Nc6 2. d4 d5 3. Nc3 dxe4 4. d5 Nb8 5. Nxe4 c6 6. Nf3 cxd5 7. Bb5+ Nc6 8.
Ne5 dxe4 9. Qxd8+ Kxd8 10. Nxf7+ Ke8 11. Nxh8 g6 12. Bc4 e6 13. O-O Bg7 14. Nxg6
hxg6 15. Re1 Nf6 16. Bg5 Bd7 17. Bxf6 Bxf6 18. Rxe4 Bxb2 19. Rb1 Be5 20. Rxb7 g5
21. Bb5 Bf6 22. Bxc6 1-0

[Event "AUTO-ADV-1674"]
[Site "http://www.queenalice.com/game.php?id=739983"]
[Date "2010.3.2"]
[Round "1"]
[White "negaadelaide"]
[Black "gaspar"]
[Result "0-1"]
[WhiteElo "1790"]
[BlackElo "2060"]

1. d4 Nf6 2. Nf3 d5 3. c4 e6 4. e3 c5 5. dxc5 Bxc5 6. Nc3 a6 7. e4 Ng4 8. Be3
Bxe3 9. fxe3 Nxe3 10. Qd2 d4 11. Nxd4 Qxd4 0-1

[Event "GXG Decisão em Moscow! (rsrsrsr"]
[Site "http://www.queenalice.com/game.php?id=756484"]
[Date "2010.4.4"]
[Round "-"]
[White "gaspar"]
[Black "paulogaspar"]
[Result "1-0"]
[WhiteElo "2089"]
[BlackElo "2014"]

1. e4 e5 2. Nf3 d6 3. d4 exd4 4. Nxd4 c5 5. Bb5+ Bd7 6. Bxd7+ Nxd7 7. Nf5 Qc7 8.
Nc3 g6 9. Ne3 Ne7 10. O-O Bg7 11. Nb5 Qc6 12. Nxd6+ Kf8 13. Nec4 b6 14. Qf3 f6
15. Bf4 b5 16. Na5 Qb6 17. Qb3 c4 18. Naxc4 1-0

[Event "QA-ANNIV-06"]
[Site "http://www.queenalice.com/game.php?id=836972"]
[Date "2010.9.23"]
[Round "2"]
[White "gaspar"]
[Black "Dcar"]
[Result "1-0"]
[WhiteElo "2063"]
[BlackElo "1627"]

1. e4 Nc6 2. d4 e6 3. Nc3 g6 4. d5 Ne5 5. f4 Bg7 6. fxe5 Ne7 7. Nf3 O-O 8. d6
cxd6 9. Qxd6 Nc6 10. Bf4 Re8 11. h4 Bf8 12. Qd2 Qb6 13. O-O-O Nb4 14. h5 gxh5
15. Bh6 d6 16. Qg5+ Kh8 17. Qf6+ Kg8 18. Rxh5 Bxh6+ 19. Qxh6 dxe5 20. Rg5+ 1-0

[Event "AUTO-ADV-1674"]
[Site "http://www.queenalice.com/game.php?id=850783"]
[Date "2010.10.26"]
[Round "2"]
[White "XaraX"]
[Black "gaspar"]
[Result "1-0"]
[WhiteElo "1906"]
[BlackElo "2027"]

1. d4 Nf6 2. c4 g6 3. Nc3 d5 4. cxd5 Nxd5 5. e4 Nxc3 6. bxc3 Bg7 7. Bc4 c5 8.
Nf3 cxd4 9. cxd4 Nc6 10. Bb2 Bg4 11. e5 Qa5+ 12. Qd2 O-O 13. Qxa5 Nxa5 14. Be2
Rac8 15. O-O Rc2 16. Ba3 Rxe2 17. Bxe7 Rc8 18. Nh4 Nc6 19. h3 Be6 20. Bd6 Nxd4
21. g4 f6 22. exf6 Bxf6 23. Ng2 Nf3+ 24. Kh1 Bxa1 25. Rxa1 Rxf2 26. a3 1-0

[Event "AUTO-ADV-1674"]
[Site "http://www.queenalice.com/game.php?id=850784"]
[Date "2010.10.26"]
[Round "2"]
[White "gaspar"]
[Black "XaraX"]
[Result "0-1"]
[WhiteElo "2063"]
[BlackElo "1883"]

1. e4 e5 2. Nf3 Nc6 3. d4 Nxd4 4. Nxe5 Ne6 5. Nc3 Bd6 6. Nd3 b6 7. e5 Be7 8. Be2
d6 9. O-O dxe5 10. Nxe5 Qxd1 11. Rxd1 Bb7 12. Bb5+ Kf8 13. Nd7+ Ke8 14. Nxb6+ c6
15. Nxa8 cxb5 16. Nxb5 Bxa8 17. Nxa7 Nf6 18. Nc8 Bb7 19. Nxe7 Kxe7 20. b3 Rc8
21. Ba3+ Ke8 22. c4 Ne4 23. f3 Nf6 24. Bd6 h6 25. a4 Rd8 26. b4 Nd7 0-1

[Event "AUTO-ADV-1674"]
[Site "http://www.queenalice.com/game.php?id=850787"]
[Date "2010.10.26"]
[Round "2"]
[White "gaspar"]
[Black "goldaric"]
[Result "0-1"]
[WhiteElo "1974"]
[BlackElo "2020"]

1. e4 Nf6 2. e5 Nd5 3. d4 d6 4. Nf3 Bg4 5. Be2 h6 6. c4 Nb6 7. O-O e6 8. Nc3
N8d7 9. exd6 cxd6 10. h3 Bh5 11. Bd3 Be7 12. g4 Bg6 13. Bxg6 fxg6 14. Qe2 Kf7
15. Re1 Nf8 16. d5 e5 17. c5 dxc5 18. Nxe5+ Kg8 19. a4 Nxd5 20. Qc4 Bf6 21. Nxd5
Bxe5 0-1

[Event "AUTO-ADV-1674"]
[Site "http://www.queenalice.com/game.php?id=850788"]
[Date "2010.10.26"]
[Round "2"]
[White "goldaric"]
[Black "gaspar"]
[Result "1-0"]
[WhiteElo "2004"]
[BlackElo "1996"]

1. d4 Nf6 2. c4 e6 3. Bg5 Bb4+ 4. Nc3 c5 5. d5 h6 6. Bh4 b6 7. e4 g5 8. Bg3 Nxe4
9. a3 Bxc3+ 10. bxc3 Qf6 11. Rc1 exd5 12. cxd5 O-O 13. Qf3 Re8 14. Qxf6 Nxf6+
15. Kd1 Nxd5 16. Bc4 Nf6 17. Bd6 Bb7 18. Nf3 Ne4 19. Bg3 d5 20. Bb5 Bc6 21. Bxc6
1-0

[Event "QA-ANNIV-06"]
[Site "http://www.queenalice.com/game.php?id=885051"]
[Date "2011.1.12"]
[Round "3"]
[White "gaspar"]
[Black "kookaburra"]
[Result "1-0"]
[WhiteElo "1956"]
[BlackElo "2198"]

1. e4 d5 2. exd5 Nf6 3. d4 Nxd5 4. Nf3 g6 5. c4 Nb6 6. c5 Nd5 7. Bc4 Bg7 8. Qb3
e6 9. Nc3 Nf6 10. Bb5+ c6 11. Be2 O-O 12. Bf4 Nd5 13. Bd6 Re8 14. O-O Nd7 15.
Rfe1 Bf8 16. Bxf8 Rxf8 17. Rac1 Nxc3 18. Qxc3 Nf6 19. Ne5 Nd5 20. Qd2 Qf6 21. g3
h5 22. Bf3 Rd8 23. Qa5 Bd7 24. Bxd5 exd5 25. Qc7 Be6 26. Rc3 Re8 27. Qxb7 Rab8
28. Qxc6 Rec8 29. Qa6 Rxb2 30. Rf3 Qg7 31. Nxf7 Bg4 32. Ng5 Rcb8 33. Rf6 Bf5 34.
Qc6 Rb1 35. Rxb1 Rxb1+ 36. Kg2 Qd7 37. Qa8+ Qc8 38. Qxd5+ Kh8 39. Rf7 Qg8 40.
Qe5+ Qg7 41. Qxg7# 1-0